La Educación como práctica de la libertad
সংরক্ষণ করুন:
| প্রধান লেখক: | |
|---|---|
| বিন্যাস: | পাঠ্য |
| প্রকাশিত: |
México, D.F.:
Offset Cemont
|
| ট্যাগগুলো: |
ট্যাগ যুক্ত করুন
কোনো ট্যাগ নেই, প্রথমজন হিসাবে ট্যাগ করুন!
|
MARC
| LEADER | 00000 a a2200000 04500 | ||
|---|---|---|---|
| 001 | 22189 | ||
| 003 | |||
| 040 | |||
| 090 | |a 150400 | ||
| 100 | |a Freire, Paulo | ||
| 245 | |a La Educación como práctica de la libertad | ||
| 260 | |a México, D.F.: |b Offset Cemont | ||
| 300 | |a 151 p | ||
| 999 | |c 11340 |d 11340 | ||
